[Event "Leverkusen Bayer op 2nd"]
[Site "Leverkusen"]
[Date "1997.10.02"]
[Round "1"]
[White "Berberich, Christoph"]
[Black "Pinder, Marc"]
[Result "1-0"]
[WhiteElo "2025"]
[BlackElo "1241"]
[PlyCount "81"]
[EventDate "1997.10.??"]
[EventType "swiss"]
[EventRounds "7"]
[EventCountry "GER"]
[SourceTitle "CBM 060 Extra"]
[Source "ChessBase"]
[SourceDate "1997.11.04"]
[SourceVersion "1"]
[SourceVersionDate "1997.11.04"]
[SourceQuality "1"]

1. d4 Nf6 2. Nf3 e6 3. c4 c6 4. Nc3 Bb4 5. Qc2 d6 6. g3 Nbd7 7. Bg2 Nb6 8. Nd2 0-0 9. 0-0 d5 10. c5 Nbd7 11. e4 b6 12. a3 Bxc3 13. Qxc3 bxc5 14. dxc5 Qe7 15. b4 a5 16. Bb2 e5 17. exd5 Nxd5 18. Bxd5 cxd5 19. Rfe1 d4 20. Qxd4 exd4 21. Rxe7 d3 22. c6 Nb6 23. b5 Be6 24. Rb7 Nc4 25. Nxc4 Bxc4 26. Bc3 Rab8 27. Rxb8 Rxb8 28. c7 Re8 29. b6 Ba6 30. Bxa5 Re5 31. Rc1 Re8 32. Rd1 f6 33. Rxd3 Kf7 34. Rd8 g5 35. f4 gxf4 36. gxf4 f5 37. Rb8 Rg8+ 38. Kf2 Re8 39. b7 Re2+ 40. Kf3 Rb2 41. c8Q 1-0